| 000 | 00473nam a22001697a 4500 | ||
|---|---|---|---|
| 003 | NUST | ||
| 005 | 20260311135720.0 | ||
| 008 | 260311b ||||| |||| 00| 0 eng d | ||
| 082 |
_a551.5 _bSAT |
||
| 100 |
_a Masaki Satoh. _9133642 |
||
| 245 |
_aAtmospheric Circulation Dynamics and General Circulation Models / _c Masaki Satoh. |
||
| 250 | _a2nd edition | ||
| 260 |
_aBerlin: _bSpringer, _c2016. |
||
| 300 |
_a758 p ; _c30.1 cm |
||
| 563 | _aHardcover | ||
| 942 |
_2ddc _cBK |
||
| 999 |
_c616604 _d616604 |
||